00318nam a2200121Ia 4500008004100000041000800041082001600049100001600065245004500081260004600126300001700172365000700189240624s9999 xx 000 0 und d aeng a658.405 GOR aGORDON JACK aPFEIFFERS CLASSIC ACTIVITIES FOR MANAGIN c2003aSan FranciscobJossey-Bass/Pfeiffer axviii, : 430 cRS